[Event "Asuncion Semana Santa del CDPS"]
[Site "Asuncion"]
[Date "2011.04.23"]
[Round "6.6"]
[White "Fretes, Hector"]
[Black "Florentin, Damaso"]
[Result "0-1"]
[WhiteElo "1740"]
[BlackElo "1755"]
[PlyCount "77"]
[EventDate "2011.04.20"]
[EventType "swiss"]
[EventRounds "7"]
[EventCountry "PAR"]
[SourceTitle "EXT 2023"]
[Source "ChessBase"]
[SourceDate "2022.10.05"]
[SourceVersion "1"]
[SourceVersionDate "2022.10.05"]
[SourceQuality "1"]

1. e4 d6 2. d4 c6 3. f4 Qc7 4. Nf3 Bg4 5. Bc4 e6 6. 0-0 Nf6 7. e5 Ne4 8. Bd3 f5 9. exf6 Nxf6 10. Qe1 Bxf3 11. Qxe6+ Qe7 12. Qxe7+ Bxe7 13. Rxf3 0-0 14. c4 Nbd7 15. Nc3 a6 16. a4 Rae8 17. Bd2 Bd8 18. Re1 Bb6 19. Ne2 Re7 20. a5 Ba7 21. Bc3 Rfe8 22. h3 d5 23. c5 Ne4 24. Bxe4 Rxe4 25. Kf1 Rf8 26. f5 Bb8 27. Ng1 Nf6 28. g4 Rfe8 29. Re2 h6 30. Rxe4 dxe4 31. Re3 Bf4 32. Re2 Kf7 33. Bd2 Bc7 34. b4 Nd5 35. h4 e3 36. Bc1 Re4 37. Nf3 Rf4 38. Kg2 Rxg4+ 39. Kh1 0-1

[Event "Asuncion Semana Santa del CDPS"]
[Site "Asuncion"]
[Date "2011.04.20"]
[Round "1.2"]
[White "Fretes, Hector"]
[Black "Peralta, Eduardo"]
[Result "0-1"]
[WhiteElo "1740"]
[BlackElo "2255"]
[PlyCount "54"]
[EventDate "2011.04.20"]
[EventType "swiss"]
[EventRounds "7"]
[EventCountry "PAR"]
[SourceTitle "EXT 2023"]
[Source "ChessBase"]
[SourceDate "2022.10.05"]
[SourceVersion "1"]
[SourceVersionDate "2022.10.05"]
[SourceQuality "1"]

1. c4 e5 2. Nc3 Nc6 3. d3 g6 4. g3 Bg7 5. Bg2 d6 6. Nf3 Nge7 7. 0-0 0-0 8. Rb1 a5 9. a3 f5 10. Bg5 h6 11. Bxe7 Nxe7 12. Nd5 c6 13. Nxe7+ Qxe7 14. b4 axb4 15. axb4 Be6 16. b5 c5 17. Nh4 Kh7 18. e4 f4 19. Nf3 g5 20. Kh1 g4 21. Nh4 f3 22. Nxf3 gxf3 23. Bxf3 Ra2 24. Qb3 Rxf3 25. Qxa2 Bh3 26. Rg1 Qf7 27. Rb2 Rxd3 0-1

[Event "Asuncion Prieto Memorial op"]
[Site "Asuncion"]
[Date "2011.01.13"]
[Round "8"]
[White "Florentin, Damaso"]
[Black "Fretes, Hector"]
[Result "1-0"]
[WhiteElo "1775"]
[BlackElo "1717"]
[PlyCount "95"]
[EventDate "2011.01.06"]
[EventType "swiss"]
[EventRounds "9"]
[EventCountry "PAR"]
[SourceTitle "EXT 2012"]
[Source "ChessBase"]
[SourceDate "2011.11.24"]
[SourceVersion "1"]
[SourceVersionDate "2011.11.24"]
[SourceQuality "1"]

1. d4 f5 2. e4 fxe4 3. Nc3 Nf6 4. Bg5 d5 5. Bxf6 exf6 6. Qh5+ g6 7. Qxd5 Qxd5 8. Nxd5 Kd8 9. Nxf6 Bf5 10. Nd5 Be6 11. Ne3 c6 12. Ne2 Bg7 13. 0-0-0 Rf8 14. d5 cxd5 15. Nxd5 Bxd5 16. Rxd5+ Ke7 17. Ng3 Rxf2 18. Nxe4 Rf4 19. Bd3 Nc6 20. Re1 Bh6 21. Kb1 Rd8 22. Rb5 b6 23. g3 Rff8 24. a3 Kd7 25. Nc3 Rf2 26. Rd5+ Kc7 27. Nb5+ Kb7 28. Rxd8 Nxd8 29. Re7+ Kb8 30. h4 Rf7 31. Re8 Rf8 32. Re2 Nc6 33. Re6 Nd8 34. Rd6 Be3 35. Rd7 h6 36. Bxg6 Bf2 37. Rd3 Nc6 38. Be4 Ne5 39. Rd6 Bxg3 40. Rxh6 Nc4 41. Bd3 Nd2+ 42. Ka2 Nf3 43. h5 Bf4 44. Rh7 a5 45. Be4 Ng5 46. Rb7+ Kc8 47. Bc6 Rh8 48. Na7+ 1-0

[Event "Asuncion Preclasificatorio Mayor"]
[Site "Asuncion"]
[Date "2010.04.23"]
[Round "5"]
[White "Fretes, Hector"]
[Black "Heinechen, John"]
[Result "0-1"]
[WhiteElo "1717"]
[BlackElo "1778"]
[PlyCount "62"]
[EventDate "2010.04.05"]
[EventType "swiss"]
[EventRounds "9"]
[EventCountry "PAR"]
[SourceTitle "EXT 2023"]
[Source "ChessBase"]
[SourceDate "2022.10.05"]
[SourceVersion "1"]
[SourceVersionDate "2022.10.05"]
[SourceQuality "1"]

1. e4 c5 2. Nf3 e6 3. d4 cxd4 4. Nxd4 a6 5. c4 Nf6 6. Nc3 Bb4 7. Qf3 Nc6 8. Nxc6 dxc6 9. Bd2 e5 10. h3 Be6 11. a3 Bc5 12. Rd1 Qc7 13. Be2 h6 14. Be3 Be7 15. Qg3 Nd7 16. Qxg7 0-0-0 17. Qg3 Rdg8 18. Qf3 Rg6 19. 0-0 Rhg8 20. Rfe1 h5 21. Bf1 h4 22. Kh1 Rf6 23. Qe2 Nb6 24. Nd5 cxd5 25. cxd5 Bxd5 26. Bxb6 Qxb6 27. Rxd5 Rxf2 28. Qc4+ Kb8 29. Rxe5 Rf3 30. Rc5 Bxc5 31. gxf3 Rg1+ 0-1

[Event "Asuncion Preclasificatorio Mayor"]
[Site "Asuncion"]
[Date "2010.04.14"]
[Round "2"]
[White "Avalos, Leticia"]
[Black "Fretes, Hector"]
[Result "0-1"]
[WhiteElo "1637"]
[BlackElo "1717"]
[PlyCount "84"]
[EventDate "2010.04.05"]
[EventType "swiss"]
[EventRounds "9"]
[EventCountry "PAR"]
[SourceTitle "EXT 2023"]
[Source "ChessBase"]
[SourceDate "2022.10.05"]
[SourceVersion "1"]
[SourceVersionDate "2022.10.05"]
[SourceQuality "1"]

1. d4 Nf6 2. c4 g6 3. Nc3 d6 4. e4 Bg7 5. f4 0-0 6. Nf3 c5 7. Be2 cxd4 8. Nxd4 Qb6 9. Nc2 Nc6 10. Rb1 Nb4 11. Nxb4 Qxb4 12. 0-0 Qc5+ 13. Kh1 Be6 14. b3 b5 15. b4 Qc6 16. Nd5 Bxd5 17. cxd5 Qd7 18. Qd3 a6 19. Be3 Rac8 20. Rbc1 Rxc1 21. Rxc1 Rc8 22. Rxc8+ Qxc8 23. h3 Qc7 24. Bd4 Qc1+ 25. Bg1 Qxf4 26. Bf3 Qc1 27. Bd1 Nxe4 28. Qxe4 Qxd1 29. Qh4 Bf6 30. Qe4 Qa4 31. Qg4 Qxa2 32. Be3 Qxd5 33. Bh6 e6 34. Qe2 Qh5 35. Qd2 g5 36. Bxg5 Qxg5 37. Qxd6 Qd5 38. Qg3+ Qg5 39. Qb8+ Kg7 40. Qd6 Qc1+ 41. Kh2 Qe1 42. Qc5 Qe5+ 0-1